000
00240nam a22000857a 4500
008
160718b xxu||||| |||| 00| 0 eng d
100
_9
2981
_a
Dorling Kindersley
245
_a
Illustrated Oxford Dictionary
260
_a
New York
_b
Dorling Kindersley
999
_c
2544
_d
2544